Ján Koniarek črty o jeho živote a diele

Bibliographic Details
Main Author: Štefunko, Fraňo, 1903-1974 (Author)
Format: Book
Language:Slovak
PhysicalDescription:200 s. fotogr. 30cm
Published: Bratislava Slovenské vydavateľstvo krásnej literatúry 1955
Edition:Vyd. 1.
Series:Majstri slovenského umenia
Subjects:

MARC

LEADER 00000nam a2200000 a 4500
001 vtls001356550
003 SK-MaSNL
005 20260425222212.0
008 240314s1955 xo o g h 00000dslo
020 |q (viaz.) 
035 |a SNK000310029 
040 |a SNK  |b slo  |c SNK  |e AACR2 
041 |a slo 
043 |a e-xo--- 
044 |a xo  |c SK 
072 7 |a 73  |x Sochárstvo, keramika, porcelán, umelecké spracovanie kovov  |2 kosnpekt 
072 7 |a 929  |x Biografie  |2 konspekt 
080 |a 730 (091)  |2 2011 
080 |a 73  |2 2011 
080 |a (437.6)  |2 2011 
080 |a (092)  |2 2011 
100 1 |a Štefunko, Fraňo,  |d 1903-1974  |4 aut  |9 114523 
245 1 0 |a Ján Koniarek  |b črty o jeho živote a diele  |c Fraňo Štefunko 
250 |a Vyd. 1. 
260 |a Bratislava  |b Slovenské vydavateľstvo krásnej literatúry  |c 1955 
300 |a 200 s.  |b fotogr.  |c 30cm 
366 |e 3300 výt. 
490 1 |a Majstri slovenského umenia  |v zv. 3 
500 |a Zoznam reprodukovaných diel 
600 1 7 |a Koniarek, Ján,  |d 1878-1952  |2 SNKMA  |9 86124 
650 0 7 |a dejiny sochárstva  |2 SNKPH  |9 86831 
650 0 7 |a sochári  |2 SNKPH  |9 3055 
650 0 7 |a History of sculpture  |2 SNKPHeng  |9 292491 
650 0 7 |a Sculptors  |2 SNKPHeng  |9 279132 
651 7 |a Slovensko  |2 SNKPHgeo  |9 14231 
651 7 |a Slovakia  |2 SNKPHeng  |9 92630 
655 7 |a biografie  |2 SNKPH  |9 27965 
655 7 |a Biography  |2 SNKPHeng  |9 266314 
830 0 |a Majstri slovenského umenia  |9 292492 
852 |a Akademická knižnica v Banskej Bystrici 
852 |a Štátna vedecká knižnica v Banskej Bystrici 
958 |a OND 
999 |c 548374  |d 550304 
952 |a SNK  |b SNK  |y PREZ  |7 0  |p 17A0746523  |o snkSB 2827  |0 0  |1 0  |4 0  |d 2011-11-03  |f 1  |l 0  |r 2025-02-14 00:00:00  |w 2026-02-23 
952 |t P60, <04>, [BOOK], {604}  |a SNK  |b SNK  |y VYP  |7 0  |p 17A0184646  |o snkSB 2827 D1  |0 0  |1 0  |4 0  |d 1999-03-02  |l 0  |r 2005-01-02 00:00:00  |w 2026-02-23